| 000 | 00370nam a22001577a 4500 | ||
|---|---|---|---|
| 003 | OSt | ||
| 008 | 240503b |||||||| |||| 00| 0 eng d | ||
| 020 | _a9789393330314 | ||
| 082 | _a005.8 SII | ||
| 100 | _aSINGH,Ajay | ||
| 245 | _aIntroduction to Cybersecurity | ||
| 250 | _a1st Ed | ||
| 260 |
_aNew Delhi _bUniversity Press _c2023 |
||
| 300 | _a312 | ||
| 942 |
_2ddc _cBK |
||
| 999 |
_c12609 _d12609 |
||